Handbook of research on latin american and caribbean international relations : (Record no. 15091)

000 -LEADER
fixed length control field 01807nam a2200265 a 4500
001 - CONTROL NUMBER
control field ASIN0813333792
005 - DATE AND TIME OF LATEST TRANSACTION
control field 20170105102910.0
008 - FIXED-LENGTH DATA ELEMENTS--GENERAL INFORMATION
fixed length control field 131029s2001 xxu eng d
020 ## - INTERNATIONAL STANDARD BOOK NUMBER
International Standard Book Number 0813333792 (paperback)
Terms of availability $50.00
020 ## - INTERNATIONAL STANDARD BOOK NUMBER
International Standard Book Number 9780813333793 (paperback)
040 ## - CATALOGING SOURCE
Original cataloging agency 0
050 04 - LIBRARY OF CONGRESS CALL NUMBER
Classification number JZ1519
082 04 - DEWEY DECIMAL CLASSIFICATION NUMBER
Classification number 016.327098
100 1# - MAIN ENTRY--PERSONAL NAME
Personal name Atkins, G. Pope.
245 10 - TITLE STATEMENT
Title Handbook of research on latin american and caribbean international relations :
Remainder of title the development of concepts and themes /
Statement of responsibility, etc. G. Pope Atkins.
250 ## - EDITION STATEMENT
Edition statement 0th ed.
260 ## - PUBLICATION, DISTRIBUTION, ETC.
Place of publication, distribution, etc. [S.l.] :
Name of publisher, distributor, etc. Westview Press,
Date of publication, distribution, etc. 2001.
300 ## - PHYSICAL DESCRIPTION
Extent 416 p. ;
Dimensions 23 cm.
520 ## - SUMMARY, ETC.
Summary, etc. The study of Latin American and Caribbean international relations has a long evolution both within the development of international relations as a general academic undertaking and in terms of the particular characteristics that distinguish the approaches taken by scholars in the field. This handbook provides a thorough multidisciplinary reference guide to the literature on the various elements of the international relations of Latin America and the Caribbean. Citing over 1600 sources that date from the nineteenth century to the present, with emphasis on recent decades, the volume's analytic essays trace the evolution of research in terms of concepts, issues, and themes. The Handbook is a companion volume to Atkins' Latin America and the Caribbean in the International System, Fourth Edition, but also serves as an invaluable stand-alone reference volume for students, scholars, researchers, journalists, and practitioners, both official and private.
650 #0 - SUBJECT ADDED ENTRY--TOPICAL TERM
Topical term or geographic name entry element Caribbean Area
650 #0 - SUBJECT ADDED ENTRY--TOPICAL TERM
Topical term or geographic name entry element International relations
650 #0 - SUBJECT ADDED ENTRY--TOPICAL TERM
Topical term or geographic name entry element Latin America
856 40 - ELECTRONIC LOCATION AND ACCESS
Materials specified Amazon.com
Uniform Resource Identifier <a href="http://www.amazon.com/exec/obidos/ASIN/0813333792/chopaconline-20">http://www.amazon.com/exec/obidos/ASIN/0813333792/chopaconline-20</a>
942 ## - ADDED ENTRY ELEMENTS (KOHA)
Source of classification or shelving scheme
Koha item type Book
Holdings
Withdrawn status Lost status Damaged status Not for loan Collection code Permanent Location Current Location Shelving location Date acquired Total Checkouts Full call number Barcode Date last seen Price effective from Koha item type
          Centre for International Peace & Stability (CIPS) Centre for International Peace & Stability (CIPS) General Stacks 10/01/2013   016.327098 ATK 2001 CIPS0001290 10/29/2013 10/29/2013 Book
© 2023 Central Library, National University of Sciences and Technology. All Rights Reserved.